Wiśniewski, Tadeusz. Udział Kurpiów w walkach narodowowyzwoleńczych w XIX wieku. - Ostrołęka : Ostrołęckie Tow. Nauk. im. Adama Chętnika. - 2004 [Rezension]

Titel: Wiśniewski, Tadeusz. Udział Kurpiów w walkach narodowowyzwoleńczych w XIX wieku. - Ostrołęka : Ostrołęckie Tow. Nauk. im. Adama Chętnika. - 2004 [Rezension]
Verfasser:
In: Studia Łomżyńskie, Band 16 (2005), Seite 292-295
alle Artikel anzeigen
Veröffentlicht: 2005, 2006
Format: Aufsatz
Sprache: Polnisch
Kein Bild verfügbar
X
alg: 39510089
001A    $01999:12-11-16 
001B    $01999:04-08-21 $t21:04:47.000 
001D    $01999:12-11-16 
001U    $0utf8 
001X    $00 
002@    $0Aox 
003@    $0395100895 
007A    $0395100895 $aHEB 
007T    $0Herda25846h 
010@    $apol 
011@    $a2005 $n2005, 2006 
021A    $aWiśniewski, Tadeusz. Udział Kurpiów w walkach narodowowyzwoleńczych w XIX wieku. - Ostrołęka : Ostrołęckie Tow. Nauk. im. Adama Chętnika. -  2004 [Rezension] 
028A    $aGołota $dJanusz 
031A    $d16 $h292-295 $j2005 
039B    $aIn $8--Abvc--. Studia Łomżyńskie. - Łomża : LTN, 1989-. - ISSN 0860-7249 $x200500000160000708 $922006993X 
039T    $8--Aax--Wiśniewski, Tadeusz. Udział Kurpiów w walkach narodowowyzwoleńczych w XIX wieku. - Ostrołęka : Ostrołęckie Tow. Nauk. im. Adama Chętnika, 2004. - 116 s., il. $9395585554 
045F    $a900.9438 $eDDC23BSB 
045F/01 $a900 
045F/03 $g438 

lok: 39510089 78

exp: 39510089 78 1 #EPN
201B/01 $018-11-16 $t13:44:59.000 
201U/01 $0utf8 
203@/01 $0791399524 
208@/01 $a12-11-16 $be 
209A/01 $a/ $f000 $x00 
220C/01 $aHerkunft: PBB/IH PAN 
244Z/01 $2Trx $#Poola $#Lenkija $#Polija $#Polen Land $#Poland $#Lengyelország $#Poľsko $#Polsko $8--Trx--Polska$gkraj $x01 $9391345966 
244Z/01 $2Trx $#arvustused $#recenzijos $#Reviews $#recenziók $#recenzje $#recenzie $#recenze $8--Trx--Rezensionen $x02 $9391357441 
247C/01 $82080>Marburg/Lahn, Herder-Institut, Forschungsbibliothek, Bibliographieportal $9336309341
LEADER 00000caa a22000002c 4500
001 395100895
003 DE-603
005 20210804210447.0
007 tu
008 161112s2005 xx |||| | u00||u|pol c
035 |a (DE-599)HEB395100895 
040 |a DE-603  |b ger  |c DE-603  |d DE-603 
041 |a pol 
082 0 4 |8 1\u  |a 900.9438  |q DE-101  |2 23/BSB 
085 |8 1\u  |b 900 
085 |8 1\u  |z 2  |s 438 
100 1 |a Gołota, Janusz 
245 0 0 |a Wiśniewski, Tadeusz. Udział Kurpiów w walkach narodowowyzwoleńczych w XIX wieku. - Ostrołęka : Ostrołęckie Tow. Nauk. im. Adama Chętnika. - 2004 [Rezension] 
264 0 |c 2005, 2006 
773 0 8 |i In  |t Studia Łomżyńskie  |d Łomża : LTN, 1989-  |x 0860-7249  |g Band 16 (2005), Seite 292-295  |w (DE-603)22006993X  |w (DE-600)2535583-1 
787 0 8 |i Rezension von  |a Wiśniewski, Tadeusz  |t Udział Kurpiów w walkach narodowowyzwoleńczych w XIX wieku  |d Ostrołęka : Ostrołęckie Tow. Nauk. im. Adama Chętnika, 2004  |h 116 s., il., 8  |w (DE-603)395585554 
924 0 |9 2080  |a (DE-603)791399524  |b DE-2080  |c HES  |d d  |g /